| 000 | 01505nam a22002417a 4500 | ||
|---|---|---|---|
| 003 | OSt | ||
| 005 | 20211210120507.0 | ||
| 008 | 120530t xxu||||| |||| 00| 0 eng d | ||
| 040 | _cLC | ||
| 050 | _aKF1600.P65 | ||
| 100 | _qPinkham, Brian | ||
| 245 |
_aThe legal environment of the multinational enterprise. / _cBrian Pinkham |
||
| 246 | _aBUS 4575 - October 2013 | ||
| 260 |
_aLondon, Ontario: _bIvey Business School, _c2013. |
||
| 300 |
_a[various pagings].: _bill.; |
||
| 490 | _aBusiness case studies | ||
| 500 | _aIncludes index. | ||
| 505 | _aContents: Business cases: Amway in China (B): adapting to a changing environment -- Amway in China (A): a new business model -- Fishy issues: the U.S. shrimp antidumping case -- Mattel and the toy recalls (A) -- Mattel and the toy recalls (B) -- Power play (A): Nintendo in 8-bit video games -- Legal cases and articles: Getting to know multinational enterprises -- FRIGALIMENT IMPORTING CO., Ltd., Plantiff,v. B.N.S. INTERNATIONAL SALES CORP., Defendant -- Mitsubishi motors corporation, Plaintiff, Appellee, v. Soler Chrysler-Plymouth, Inc., Defendant, Appellant -- Convention on the recognition and enforcement of foreign arbitral awards -- Institutions -- Reflections: the past and future of research on institutions and institutional change -- Economic instruments - charges and taxes: Sulphur tax (Sweden) -- | ||
| 650 | _aAccounting. | ||
| 653 | _a Industrial laws and legislation | ||
| 710 | _bIvey Business School | ||
| 942 |
_2lcc _cBK |
||
| 999 |
_c8239 _d15739 |
||